| 000 | 00432nam a2200133Ia 4500 | ||
|---|---|---|---|
| 999 |
_c3339 _d3339 |
||
| 008 | 200103s 2006 ||||xx |||||||||||||| ||und|| | ||
| 020 | _a9789280142136 | ||
| 082 |
_a341.756 _bIMO |
||
| 110 | _aInternational Maritime Organization | ||
| 245 | 0 | _aResolutions and other decisions of the 24th Assembly : resolutions 966 - 988 ( 21 November - 2 December 2005) | |
| 260 |
_bIMO _c2006 _aLondon |
||
| 300 | _av, 182p. | ||
| 942 | _cBK | ||